000 01032nab a22002297a 4500
999 _c5886
_d5886
003 OSt
005 20260109230026.0
008 190605e xxu||||| |||| 00| 0 spa d
040 _cPJ
100 _96368
_aChiti, Stella Maris
245 1 0 _aDécimo aniversario del nuevo régimen especial de contrato de trabajo para el personal de casas particulares /
_cStella Maris Chiti.
260 _aCiudad Autónoma de Buenos Aires :
_bThomson Reuters La Ley,
_c2023.
300 _ap. 5-11
500 _aCita: TR LALEY AR/DOC/1498/2023.
505 _a Sumario: I. Introducción.— II. Contenido de la ley 26.844.— III. Conclusión.
505 _t¿Te interesa el texto completo? Solicitalo al correo: koha@justierradelfuego.gov.ar
650 0 _91316
_aDERECHO LABORAL
650 0 _91323
_aCONTRATO DE TRABAJO
650 0 _94447
_aPERSONAL DE CASAS PARTICULARES
773 0 _02711
_93168
_dCiudad Autónoma de Buenos Aires : Thomson Reuters La Ley, 1999-2002.
_tRevista de derecho del trabajo. Nº 4 - Julio 2023
942 _2udc
_cANA